00639nam a22001932 4500001001100000005001700011008004100028020001700069040001500086100003300101245008800134250001300222260005700235300001600292650006100308650004000369700003300409852000300442000001293320151217152118.0090505s xx 000 0 eng d a013715495x : aKABUcKABU1 aCascio, Wayne F.@000016994410aApplied psychology in human resource management /cWayne F. Cascio, Herman Aguinis. a6th ed. aUpper Saddle River, NJ. :bPearson Education,c2005. axx, 588 p. 0aPersonnel managementxPsychological aspects.@0000169945 0aPsychology, Industrial.@00001508211 aAguinis, Herman.@00001699461